[Event "CZE-ch U14 Girls"]
[Site "Kouty nad Desnou"]
[Date "2024.03.14"]
[Round "7"]
[White "Vaclavkova, Klara"]
[Black "Myronova, Sofia"]
[Result "0-1"]
[WhiteElo "1486"]
[BlackElo "1456"]
[PlyCount "100"]
[EventDate "2024.03.09"]
[EventType "swiss"]
[EventRounds "9"]
[EventCountry "CZE"]
[SourceTitle "CB12_2024"]
[SourceDate "2023.10.01"]
[SourceVersion "1"]
[SourceVersionDate "2023.10.01"]
[SourceQuality "1"]

1. d4 d5 2. c4 e6 3. Nc3 Nf6 4. Bg5 c6 5. e3 dxc4 6. Bxc4 b5 7. Bd3 Bb7 8. Nf3 Nbd7 9. e4 Be7 10. 0-0 a6 11. e5 Nd5 12. Bxe7 Nxe7 13. Ng5 Nf5 14. Qg4 g6 15. Bxf5 exf5 16. Qf4 0-0 17. Ne2 Re8 18. Ng3 h6 19. Nf3 Kh7 20. h4 Nb6 21. h5 Nd5 22. hxg6+ fxg6 23. Qd2 Bc8 24. Kh2 Rh8 25. Rh1 Qe8 26. Kg1 Kg7 27. Re1 Be6 28. Ne2 Qf7 29. Nc3 a5 30. Nxd5 Bxd5 31. a3 a4 32. Qc3 Qe6 33. Qc5 Rhd8 34. Qc1 Rh8 35. Rh3 Bxf3 36. Rxf3 Rhf8 37. Rd3 Rad8 38. Re2 Rf7 39. Rc2 Rc7 40. Qd2 Rd5 41. Qa5 Rdd7 42. f4 Qa2 43. Rdd2 Qf7 44. Qb6 Qe7 45. Rxc6 Rxc6 46. Qxc6 Rc7 47. Qf3 Rc1+ 48. Kh2 Qh4+ 49. Qh3 Qxf4+ 50. Qg3 Qxd2 0-1

[Event "CZE-ch U14 Girls"]
[Site "Kouty nad Desnou"]
[Date "2024.03.09"]
[Round "1"]
[White "Mojzisova, Barbora"]
[Black "Myronova, Sofia"]
[Result "1-0"]
[WhiteElo "1623"]
[BlackElo "1456"]
[PlyCount "181"]
[EventDate "2024.03.09"]
[EventType "swiss"]
[EventRounds "9"]
[EventCountry "CZE"]
[SourceTitle "CB12_2024"]
[SourceDate "2023.10.01"]
[SourceVersion "1"]
[SourceVersionDate "2023.10.01"]
[SourceQuality "1"]

1. e4 c5 2. Nf3 Nc6 3. d4 cxd4 4. Nxd4 d6 5. Nc3 Bd7 6. Be3 Nf6 7. Bb5 g6 8. 0-0 Bg7 9. h3 0-0 10. Nxc6 Bxc6 11. Bxc6 bxc6 12. Qd2 Qd7 13. Bh6 Qe6 14. Bxg7 Kxg7 15. Rfe1 Qe5 16. Rab1 Qh5 17. Qe3 Qh4 18. e5 dxe5 19. Qxe5 Rfe8 20. Qc5 e6 21. Qxc6 Qg5 22. Qf3 Qf5 23. Qxf5 exf5 24. Kf1 Kf8 25. Rxe8+ Rxe8 26. Re1 Rd8 27. Rd1 Re8 28. Rd6 Ne4 29. Nxe4 fxe4 30. Rd7 Rb8 31. b3 a5 32. Rd4 f5 33. Ke2 Ke7 34. Rd5 Ra8 35. a4 Ke6 36. Rc5 Kd6 37. Rc4 Rb8 38. Ke3 Rf8 39. Kd4 Rd8 40. Rc5 Ke6+ 41. Ke3 Ra8 42. c4 Rd8 43. Rb5 Rd3+ 44. Ke2 Kd6 45. Rb6+ Kc7 46. Rb5 Kc6 47. Rxa5 Rxb3 48. Ra7 f4 49. Rxh7 f3+ 50. gxf3 exf3+ 51. Kd2 Kc5 52. Rh4 Ra3 53. Rf4 Rxa4 54. Rxf3 Rxc4 55. Rg3 Rh4 56. Ke3 Kd5 57. Rg5+ Ke6 58. Rxg6+ Kf5 59. Rg3 Re4+ 60. Kf3 Rf4+ 61. Kg2 Rh4 62. Rc3 Kf4 63. Rc4+ Kg5 64. Rxh4 Kxh4 65. f4 Kh5 66. Kg3 Kg6 67. Kg4 Kf6 68. f5 Kf7 69. Kg5 Kg7 70. f6+ Kf7 71. h4 Kg8 72. Kg6 Kh8 73. Kf7 Kh7 74. Ke7 Kg6 75. f7 Kf5 76. f8Q+ Ke5 77. Qf6+ Kd5 78. Qd6+ Ke4 79. Qc5 Kd3 80. Qb4 Ke3 81. Qc4 Kf3 82. Kf6 Ke3 83. Kf5 Kf3 84. Qf4+ Ke2 85. Qg3 Kd2 86. Ke4 Kc2 87. Kd4 Kb2 88. Qc3+ Ka2 89. Qb4 Ka1 90. Kc3 Ka2 91. Qb2# 1-0